000 00303nam a22001337a 4500
008 181206b xxu||||| |||| 00| 0 eng d
020 _a725274582433
041 _aeng
080 _a710
100 _a45
101 _aART
245 _aArt Galleries Artist Of The South
_cGlena.g
942 _2udc
_cBK
999 _c52926
_d52926